| 000 | 00847nam a22002057a 4500 | ||
|---|---|---|---|
| 005 | 20140827102040.0 | ||
| 008 | 140822|1988 xxu||||| |||| 00| 0 ck spa d | ||
| 041 | _aspa | ||
| 044 | _ack | ||
| 082 |
_a912.09 _bI46m |
||
| 110 | 1 |
_aColombia _bInstituto Nacional de Investigaciones Geológico Mineras-INGEOMINAS _925953 |
|
| 245 |
_aMapa Geologico de Colombia: _bMemoria Explicativa _cInstituto Nacional de Investigaciones Geológico Mineras-INGEOMINAS |
||
| 260 |
_aBogotá _bMinisterio de Minas y Energía _bInstituto Nacional de Investigaciones Geológico Mineras-INGEOMINAS _c1988 |
||
| 300 |
_a71 p. _bMapas, tablas. _c27 cm. |
||
| 504 | _aIncluye referencias bibliográficas (pag 61-71) | ||
| 650 | 6 |
_aGeología _xHistoria _925954 |
|
| 650 | 6 |
_aColombia _x Historia _925955 |
|
| 650 | 6 |
_aColombia _xGeografía _925956 |
|
| 942 |
_2ddc _cLIBRO |
||
| 999 |
_c8620 _d8620 |
||